Решетки стоек и раскосов ферм №№ 2 и 2¹, 3 и 3¹ Дворцового моста в г. Санкт-Петербурге

Доступно только в Электронных читальных залах Найти на картеНа карте
RUSMARC
00003930nmc2a2200000 x 450
001dec4df4c-4136-4d66-940e-c1ae53de1531
00520160229180835.0
100##$a20140429u########k l0rusy0189 ca
1010#$arus
102##$aRU
2001#$aРешетки стоек и раскосов ферм №№ 2 и 2¹, 3 и 3¹ Дворцового моста в г. Санкт-Петербурге
$jб/д
251##$cДело
300##$aДело
300##$aОриг. заголовок дела: Исполнительный проект Дворцового моста через реку Большую Неву в городе Петербурге. Решетки раскосов ферм №№ 2 и 2¹, 3 и 3¹. Калька. б/д
801#0$aRU
$bРГИА
$c20140429
$gRCR
801#1$aRU
$bГлавНИВЦ
$c20140429
$2rusmarc
801#2$aRU
$bПБ им. Б.Н. Ельцина
$c20160229
$gRCR
$2rusmarc
850##$aРГИА
852##$aРГИА
$eФедеральное казенное учреждение "Российский государственный исторический архив" (РГИА)
$j503
937##$hРГИА
$d11436014
$aASBIBLIO_SCAN
462#0$1001f33739e2-8da3-4a94-87ff-a1728dc92835
$12001
$a1795-1861 гг.
$1251
$cОпись
$1852
$j4
461#0$100136133453-e1c7-4a41-902b-c6845355bc0d
$12001
$aПланы и чертежи водных и шоссейных дорог (коллекция)
$1251
$cФонд
$1852
$j1487
215##$a4 л.
$cплан.
$d88х73 см
371##$aДокумент не является опубликованным и широко распространяемым
105##$ae###
1220#$ad
5171#$aИсполнительный проект Дворцового моста через реку Большую Неву в городе Петербурге. Решетки раскосов ферм №№ 2 и 2¹, 3 и 3¹. Калька. б/д
035##$adec4df4c-4136-4d66-940e-c1ae53de1531
Формат отображения